[Event "Ch World (team) (under 26)"]
[Site "masterchessopen.com Graz (Austria)"]
[Round "0"]
[White "Panczyk Krzysztof (POL)"]
[Black "Panzeri Claudio (ARG)"]
[Result "1-0"]
[WhiteElo "2352"]
[BlackElo "2335"]

1.d4 Nf6 2.c4 e6 3.Nc3 Bb4 4.e3 b6 5.Ne2 Bb7 6.a3 Be7 7.d5 O-O 8.e4 d6 9.g3
exd5 10.cxd5 Re8 11.Bg2 Bf8 12.O-O g6 13.h3 Bg7 14.Be3 Nbd7 15.Qc2 a6 16.Nd4
Qe7 17.Rfe1 Qf8 18.Rad1 Rac8 19.Kh2 Ne5 20.f4 Nc4 21.Bf2 Na5 22.b4 Nc4 23.Qb3
b5 24.a4 Nb6 25.axb5 Ra8 26.Nc6 Nfd7 27.Bd4 Bxd4 28.Rxd4 Qg7 29.Rd2 Kh8
30.Rde2 g5 31.Qc2 gxf4 32.gxf4 Rg8 33.Qd3 axb5 34.Qd4 f6 35.Qf2 Ra3 36.Nxb5
Rg3 37.Nbd4 Rg6 38.Nf5 Qf7 39.Nce7 Ba6 40.Nxg6+ {#r} 1-0

[Event "?"]
[Site "masterchessopen.com Pamporovo (Bulgaria)"]
[Round "0"]
[White "Lukov Valentin (BUL)"]
[Black "Ornstein Axel (SWE)"]
[Result "0-1"]
[WhiteElo "2395"]
[BlackElo "2480"]

1.d4 Nf6 2.c4 e6 3.Nc3 Bb4 4.e3 b6 5.Ne2 Bb7 6.a3 Be7 7.d5 O-O 8.e4 Re8 9.g3
b5 10.cxb5 Nxe4 11.Bg2 exd5 12.Nxd5 Bc5 13.O-O c6 14.Ndc3 cxb5 15.Nxe4 Rxe4
16.Qd3 Qe7 17.Bg5 f6 18.Qb3+ Kf8 19.Nc3 d5 20.Nxe4 dxe4 21.Bf4 Nc6 22.Qxb5 Nd4
23.Qc4 Rc8 24.Rfd1 Nf3+ 25.Kh1 Qe8 26.Rac1 g5 27.Qb3 Bb6 28.Rxc8 Bxc8 29.Bd6+
Kg7 30.Bxf3 exf3 31.Qxf3 h5 32.Qd5 Qe2 33.f3 g4 34.b4 gxf3 35.Qd2 Bb7 36.Bf8+
Kg8 {#R} 0-1

[Event "It (open)"]
[Site "masterchessopen.com Manchester (England)"]
[Date "1981.09.04"]
[Round "1"]
[White "Flear Glenn C (ENG)"]
[Black "Harris Kim L (ENG)"]
[Result "1-0"]
[WhiteElo "2471"]
[BlackElo "2205"]

1.d4 e6 2.c4 Nf6 3.Nc3 Bb4 4.e3 b6 5.Ne2 Ne4 6.f3 Bxc3+ 7.bxc3 Nd6 8.Ng3 Nc6
9.Qa4 O-O 10.Bd3 Na5 11.c5 Ndb7 12.cxb6 cxb6 13.O-O d6 14.Qc2 h6 15.f4 Qc7
16.f5 exf5 17.Nxf5 Be6 18.Rf3 Kh8 19.Rg3 Bxf5 20.Bxf5 d5 21.Ba3 Nd6 22.e4 dxe4
23.Bxe4 Nxe4 24.Qxe4 Rg8 25.Rf1 Qc4 26.Bc1 Rae8 27.Qh4 Kh7 28.Qh5 Re6 29.Qxf7
{#r} 1-0

[Event "Ch Iceland"]
[Site "masterchessopen.com Reykjavik (Iceland)"]
[Round "4"]
[White "Solmundarson Magnus (ISL)"]
[Black "Danielsson Sigurdur (ISL)"]
[Result "1-0"]
[WhiteElo "2219"]
[BlackElo "2107"]

1.d4 Nf6 2.c4 e6 3.Nc3 Bb4 4.e3 b6 5.Ne2 Bb7 6.a3 Bd6 7.Qc2 Ng4 8.Ne4 f5
9.Nxd6+ cxd6 10.f3 Qh4+ 11.Ng3 Nf6 12.Bd3 Nc6 13.O-O O-O 14.Bd2 f4 15.Ne4 fxe3
16.Bxe3 d5 17.Nxf6+ Rxf6 18.cxd5 Nxd4 19.Qc4 e5 20.Bxd4 exd4 21.Be4 Kh8 22.g3
Qh5 23.Qxd4 Rh6 24.Qd2 Rd6 25.Rfd1 Rf8 26.Rac1 Qe5 27.Qd4 Qe7 28.Qd3 h5 29.Rc7
Ba8 30.Rdc1 a5 31.Rc8 h4 32.Rxf8+ Qxf8 33.Qa6 {#r} 1-0

[Event "It (open)"]
[Site "masterchessopen.com Reykjavik (Iceland)"]
[Round "0"]
[White "Kuligowski Adam (POL)"]
[Black "Helmers Knut J (NOR)"]
[Result "0-1"]
[WhiteElo "2450"]
[BlackElo "2425"]

1.d4 Nf6 2.c4 e6 3.Nc3 Bb4 4.e3 b6 5.Ne2 Bb7 6.a3 Be7 7.d5 O-O 8.Ng3 Bd6 9.f4
b5 10.dxe6 dxe6 11.Nxb5 e5 12.f5 Nbd7 13.b4 Ne4 14.Bd3 Nxg3 15.hxg3 Bxg2
16.Rh2 e4 17.Nxd6 cxd6 18.Bb2 Qg5 19.Kf2 exd3 20.Rh5 Qe7 21.Bxg7 Bb7 22.Qg4
Qe4 23.Qxe4 Bxe4 24.Bxf8 Kxf8 25.Rxh7 Ke7 26.g4 Nf6 27.Rh4 Rg8 28.Kg3 Bxf5
{#R} 0-1

[Event "It (b)"]
[Site "masterchessopen.com Buenos Aires (Argentina)"]
[Round "13"]
[White "Soppe Guillermo (ARG)"]
[Black "Aparicio Anibal (ARG)"]
[Result "1-0"]
[WhiteElo "2275"]
[BlackElo "2310"]

1.d4 Nf6 2.c4 e6 3.Nc3 Bb4 4.e3 b6 5.Ne2 O-O 6.a3 Be7 7.Ng3 d5 8.cxd5 exd5
9.Bd3 Re8 10.O-O Bb7 11.b4 c6 12.Bb2 b5 13.e4 a5 14.exd5 axb4 15.axb4 Rxa1
16.Bxa1 Bxb4 17.dxc6 Bxc6 18.Bxb5 Qa5 19.Bxc6 Nxc6 20.Qd3 h5 21.Nge4 Nxe4
22.Nxe4 Qd5 23.Ng3 h4 24.Nf5 Ne5 25.Qe2 h3 26.Ne3 Nd3 27.Nxd5 Rxe2 28.Nxb4
Nxb4 29.gxh3 Rd2 30.Bc3 {#r} 1-0

[Event "?"]
[Site "masterchessopen.com corr."]
[Round "0"]
[White "Tirabassi Maurizio (ITA)"]
[Black "Zanetti Alberto (ITA)"]
[Result "1-0"]
[WhiteElo "2306"]
[BlackElo "2167"]

1.d4 Nf6 2.c4 e6 3.Nc3 Bb4 4.e3 b6 5.Ne2 Bb7 6.a3 Be7 7.d5 O-O 8.e4 Re8 9.Ng3
Bd6 10.Be2 exd5 11.exd5 c6 12.O-O cxd5 13.Bf3 Nc6 14.Nxd5 Nxd5 15.Bxd5 Qc7
16.Ne4 Bxh2+ 17.Kh1 Nd8 18.Re1 Be5 19.f4 d6 20.fxe5 dxe5 21.Qg4 Kh8 22.Qf5 f6
23.Re3 {#r} 1-0

[Event "Ch DDR"]
[Site "masterchessopen.com DDR"]
[Round "0"]
[White "Schoene Ralf (GER)"]
[Black "Paehtz Thomas (GER)"]
[Result "0-1"]
[WhiteElo "2205"]
[BlackElo "2370"]

1.d4 Nf6 2.c4 e6 3.Nc3 Bb4 4.e3 b6 5.Ne2 Bb7 6.a3 Bd6 7.Ng3 h5 8.d5 Be5 9.Nge4
Nxe4 10.Nxe4 Qh4 11.Ng3 Bxg3 12.fxg3 Qe4 13.dxe6 Qxe6 14.b3 Nc6 15.Be2 Ne5
16.O-O h4 17.gxh4 Rxh4 18.Qe1 g5 19.Qg3 O-O-O 20.h3 f5 21.Bb2 Nf7 22.Bd3 Nd6
23.Qe5 Qh6 24.Qg7 Qh5 25.Bxf5 Nxf5 26.Rxf5 Qe2 27.Rxg5 Qxe3+ 28.Kh2 Bxg2
29.Kxg2 Qxh3+ 30.Kg1 Qh2+ 31.Kf1 Rf4+ 32.Ke1 Re8+ 33.Re5 Re4+ 34.Rxe4 Rxe4+
35.Kd1 Qe2+ 36.Kc1 Qe1+ {#R} 0-1

[Event "It (cat.8)"]
[Site "masterchessopen.com Gladsaxe/Farum (Denmark)"]
[Round "0"]
[White "Tisdall Jonathan D (NOR)"]
[Black "Sloth Jorn (DEN)"]
[Result "0-1"]
[WhiteElo "2420"]
[BlackElo "2375"]

1.d4 Nf6 2.c4 e6 3.Nc3 Bb4 4.e3 b6 5.Ne2 Ne4 6.Qc2 Bb7 7.a3 Bxc3+ 8.Nxc3 Nxc3
9.Qxc3 O-O 10.b3 d6 11.Bb2 Qf6 12.Qc2 Qg6 13.Bd3 f5 14.f3 Qh6 15.Qe2 Nd7
16.O-O-O e5 17.Qd2 e4 18.Be2 exf3 19.Bxf3 Be4 20.Rdf1 Rae8 21.Bxe4 Rxe4 22.Rf3
Rfe8 23.Rhf1 Rxe3 24.Rxe3 Qxe3 25.Qxe3 Rxe3 26.Rxf5 Rxb3 27.Kc2 Re3 28.Kd2 Re6
29.Bc3 Rg6 30.g3 Rf6 31.Rxf6 Nxf6 32.Ke3 d5 33.c5 Kf7 34.Kf4 Ke6 35.Bb4 a5
36.Be1 Ne4 37.cxb6 cxb6 38.g4 Nd6 39.h3 Nc4 {#R} 0-1

[Event "Memorial P.Keres (open)"]
[Site "masterchessopen.com Richmond (Canada)"]
[Round "2"]
[White "Harmon Clark (USA)"]
[Black "Donaldson John W (USA)"]
[Result "0-1"]
[WhiteElo "2187"]
[BlackElo "2390"]

1.d4 Nf6 2.c4 e6 3.Nc3 Bb4 4.e3 b6 5.Ne2 Ne4 6.Qc2 Bb7 7.a3 Bxc3+ 8.Nxc3 f5
9.d5 Qf6 10.Nxe4 fxe4 11.dxe6 O-O 12.e7 Qxe7 13.Be2 Nc6 14.O-O Ne5 15.b4 Qh4
16.h3 Nf3+ 17.Kh1 Rf6 18.c5 Kh8 19.cxb6 Rc6 20.Qd1 Qf6 21.Rb1 Rd6 22.Qc2 Qe5
23.g3 Rh6 24.Bxf3 Rxh3+ 25.Kg1 exf3 26.Bb2 Rxg3+ 27.fxg3 Qxg3+ 28.Kh1 f2+ {#R}
0-1

[Event "It \"]
[Site "masterchessopen.com Rome (Italy)"]
[Round "26"]
[White "Danner Georg (AUT)"]
[Black "Bruno Fabio (ITA)"]
[Result "0-1"]
[WhiteElo "2405"]
[BlackElo "2431"]

1.d4 Nf6 2.c4 e6 3.Nc3 Bb4 4.e3 b6 5.Ne2 Ne4 6.f3 Nxc3 7.bxc3 Be7 8.Ng3 d6
9.Bd3 c5 10.dxc5 Bb7 11.cxb6 axb6 12.Qb3 O-O 13.Kf2 Nd7 14.Ba3 f5 15.Rhd1 d5
16.Bxe7 Qxe7 17.Qb4 Nc5 18.cxd5 Bxd5 19.Bxf5 Bxf3 20.gxf3 exf5 21.Qc4+ Kh8
22.Rd5 Ra4 23.Qe2 Qh4 24.Kg2 f4 25.Rh5 Qd8 26.Rd1 Qa8 27.exf4 Raxf4 28.Rhd5 h6
29.Ne4 Ne6 30.Rd6 Rxf3 31.Qc4 Ng5 32.Qd4 Rf2+ 33.Kh1 Nxe4 34.Rxh6+ Kg8 35.Qc4+
R2f7 36.Rd5 Nxc3 37.Qd3 Qxd5+ {#R} 0-1

[Event "It (open)"]
[Site "masterchessopen.com Forth Worth (USA)"]
[Round "3"]
[White "Van Meter Lester (USA)"]
[Black "Payne Fred"]
[Result "0-1"]
[WhiteElo "2203"]
[BlackElo "2118"]

1.d4 Nf6 2.c4 e6 3.Nc3 Bb4 4.e3 b6 5.Ne2 Ne4 6.Qc2 f5 7.a3 Nxc3 8.axb4 Ne4
9.Nc3 d5 10.c5 Bb7 11.b5 c6 12.b4 a6 13.Nxe4 fxe4 14.bxa6 Nxa6 15.b5 Nb4
16.Qb2 Rxa1 17.Qxb4 Rxc1+ 18.Kd2 Ra1 19.bxc6 Bxc6 20.cxb6 Qa8 21.b7 Qa2+
22.Kc3 Rc1# 0-1

[Event "It (cat.7)"]
[Site "masterchessopen.com Valjevo (Yugoslavia)"]
[Round "0"]
[White "Akesson Ralf (SWE)"]
[Black "Kostic Vladimir (SRB)"]
[Result "0-1"]
[WhiteElo "2430"]
[BlackElo "2300"]

1.d4 Nf6 2.c4 e6 3.Nc3 Bb4 4.e3 b6 5.Ne2 Bb7 6.a3 Bxc3+ 7.Nxc3 O-O 8.d5 Qe7
9.Be2 exd5 10.cxd5 c6 11.Bf3 Qe5 12.dxc6 dxc6 13.O-O Nbd7 14.e4 Nc5 15.Qc2 Ba6
16.Rd1 Bc4 17.Be3 Bb3 18.Qd2 Bxd1 19.Rxd1 Ncxe4 20.Nxe4 Nxe4 21.Qc2 Rad8
22.Rxd8 Rxd8 23.g3 Nc5 24.Bxc6 Qh5 25.h4 Qd1+ 26.Qxd1 Rxd1+ 27.Kg2 Nd3 28.Ba4
Rb1 29.Bd4 Nxb2 30.Bb5 Nd3 31.Bxd3 Rd1 32.Bxb6 axb6 33.Bb5 Ra1 34.a4 Ra3 35.g4
h6 36.f3 g5 {#R} 0-1

[Event "It (open)"]
[Site "masterchessopen.com Copenhagen (Denmark)"]
[Round "10"]
[White "Hoi Carsten (DEN)"]
[Black "Sorensen Henrik (DEN)"]
[Result "1-0"]
[WhiteElo "2420"]
[BlackElo "2235"]

1.d4 Nf6 2.c4 e6 3.Nc3 Bb4 4.e3 b6 5.Ne2 Bb7 6.a3 Be7 7.d5 O-O 8.g3 b5 9.b3 a5
10.Bg2 b4 11.axb4 axb4 12.Rxa8 Bxa8 13.Nb5 exd5 14.cxd5 Bc5 15.Bb2 d6 16.O-O
Nxd5 17.Bxd5 Bxd5 18.Qxd5 c6 19.Qd3 cxb5 20.Qxb5 Qb6 21.Qc4 Nc6 22.Nf4 Ne5
23.Bxe5 dxe5 24.Nd5 Qd6 25.Rc1 Ba7 26.Nxb4 h6 27.Nc6 Bb6 28.Qd5 Qa3 29.Rd1 Bc7
30.b4 Kh8 31.b5 Qb2 32.Qc4 Bb6 33.Rd7 Bxe3 34.fxe3 Ra8 35.Rd8+ {#r} 1-0

[Event "Zt"]
[Site "masterchessopen.com Corrientez (Argentina)"]
[Round "0"]
[White "Van Riemsdijk Herman C (BRA)"]
[Black "Filguth Rubens A (BRA)"]
[Result "1-0"]
[WhiteElo "2404"]
[BlackElo "2410"]

1.d4 Nf6 2.c4 e6 3.Nc3 Bb4 4.e3 b6 5.Ne2 O-O 6.a3 Be7 7.e4 d6 8.f3 c5 9.d5 e5
10.g4 Ne8 11.Ng3 g6 12.Bh6 Ng7 13.Qd2 Nd7 14.Bd3 Kh8 15.h4 Bxh4 16.Ne2 Rg8
17.O-O-O Bxg3 18.Nxg3 f6 19.g5 a6 20.Rh4 Ra7 21.Rdh1 Ne8 22.gxf6 Nexf6 23.Bg5
Rg7 24.f4 exf4 25.Rxf4 Qe7 26.Rhf1 Rf7 27.Qh2 Qe5 28.Qh4 Kg7 29.Nf5+ gxf5
30.Rxf5 Qd4 31.Bxf6+ Rxf6 32.Qg5+ Kf8 33.e5 Nxe5 34.Qxf6+ Rf7 35.Qh8+ Ke7
36.Rxf7+ Nxf7 37.Qxc8 {#r} 1-0

[Event "Ch Romania"]
[Site "masterchessopen.com Romania"]
[Round "0"]
[White "Marin Mihail (ROM)"]
[Black "Suba Mihai (ROM)"]
[Result "0-1"]
[WhiteElo "2550"]
[BlackElo "2505"]

1.d4 Nf6 2.c4 e6 3.Nc3 Bb4 4.e3 b6 5.Ne2 Bb7 6.a3 Be7 7.d5 O-O 8.e4 Re8 9.g3
b5 10.cxb5 Nxe4 11.Nxe4 exd5 12.Nd2 d4 13.f3 d3 14.Kf2 dxe2 15.Bxe2 a6 16.Re1
Bf8 17.Rb1 Qf6 18.bxa6 Nxa6 19.b4 Re6 20.Bb2 Qh6 21.Nf1 Rae8 22.Qd2 Qh3 23.Bc4
Qh5 24.Qf4 Nc5 25.g4 Qh4+ 26.Qg3 Qxg3+ 27.Nxg3 Rxe1 28.Rxe1 Rxe1 29.Kxe1 Na4
30.Be5 d6 31.Bd4 Bxf3 32.Bb5 Nb6 33.a4 Nd5 34.Kf2 Bxg4 35.a5 Bc8 {#R} 0-1

[Event "Ch Baden-Wuerttemberg"]
[Site "masterchessopen.com Stuttgart (Germany)"]
[Round "4"]
[White "Ullrich Farid-Raoul (GER)"]
[Black "Fahnenschmidt Gerhard Dr (GER)"]
[Result "0-1"]
[WhiteElo "2154"]
[BlackElo "2026"]

1.d4 Nf6 2.c4 e6 3.Nc3 Bb4 4.e3 b6 5.Ne2 Ne4 6.Bd2 Nxd2 7.Qxd2 O-O 8.a3 Be7
9.Ng3 Bb7 10.Rd1 d6 11.f4 Nd7 12.Bd3 d5 13.O-O Nf6 14.cxd5 exd5 15.Bb1 Re8
16.e4 dxe4 17.Ngxe4 Nxe4 18.Nxe4 Bb4 19.axb4 Bxe4 20.Bxe4 Rxe4 21.Rfe1 Rxe1+
22.Rxe1 Qd6 23.b5 g6 24.g3 Rd8 25.Rd1 Re8 26.Kf2 Qd7 27.Qd3 Qh3 28.Kg1 Qh5
29.Rf1 Re2 30.Rf2 Rxf2 31.Kxf2 Qxh2+ 32.Kf3 Qxb2 33.Qc4 Qa3+ 34.Kf2 Qd6 35.Kf3
h5 36.Kf2 h4 {#R} 0-1

[Event "Ch Club"]
[Site "masterchessopen.com Espoo (Finland)"]
[Round "0"]
[White "Hurme Harri M (FIN)"]
[Black "Hentunen Asko (FIN)"]
[Result "1-0"]
[WhiteElo "2258"]
[BlackElo "2321"]

1.d4 Nf6 2.c4 e6 3.Nc3 Bb4 4.e3 b6 5.Ne2 Ne4 6.Qc2 Bb7 7.a3 Bxc3+ 8.Nxc3 f5
9.d5 Nxc3 10.Qxc3 O-O 11.b4 exd5 12.Bb2 Rf7 13.O-O-O dxc4 14.Bxc4 d5 15.Rhg1
Qd6 16.g4 f4 17.e4 c6 18.exd5 cxd5 19.Rxd5 Bxd5 20.Rd1 Qf8 21.Rxd5 Kh8 22.Rh5
Nd7 23.g5 Rc8 24.Kb1 Re7 25.Qh3 Rxc4 26.Rxh7+ Kg8 27.g6 Re1+ 28.Ka2 {#r} 1-0

[Event "It"]
[Site "masterchessopen.com Leipzig (Germany)"]
[Round "10"]
[White "Kahn Manfred (GER)"]
[Black "Dobrovolsky Ladislav (CZE)"]
[Result "0-1"]
[WhiteElo "2139"]
[BlackElo "2347"]

1.d4 Nf6 2.c4 e6 3.Nc3 Bb4 4.e3 b6 5.Ne2 Bb7 6.a3 Be7 7.d5 O-O 8.Ng3 Re8 9.Be2
d6 10.O-O c6 11.Bf3 Qc7 12.Bd2 Nbd7 13.Rc1 Ne5 14.Be2 Rac8 15.e4 Qb8 16.f4
Ned7 17.dxe6 fxe6 18.Kh1 Kh8 19.Qe1 a6 20.Be3 b5 21.f5 e5 22.Nh5 d5 23.cxd5
cxd5 24.exd5 Nxd5 25.Qg3 Rg8 26.Nxd5 Bxd5 27.Bf3 Rxc1 28.Rxc1 Qb7 29.Bxd5 Qxd5
30.Qf3 e4 31.Qh3 Bd6 32.Qg4 Nf6 33.Qg5 Nxh5 34.Qxh5 Qd3 35.Qh3 Be5 36.b4 Qxa3
37.Rf1 Qxb4 38.Qg4 a5 39.h4 a4 40.h5 a3 {#R} 0-1

[Event "Ch Sweden"]
[Site "masterchessopen.com Malme (Sweden)"]
[Round "0"]
[White "Hartman Christer (SWE)"]
[Black "Bator Robert (SWE)"]
[Result "0-1"]
[WhiteElo "2335"]
[BlackElo "2411"]

1.d4 Nf6 2.c4 e6 3.Nc3 Bb4 4.e3 b6 5.Ne2 Ne4 6.Bd2 Nxd2 7.Qxd2 Ba6 8.a3 Bxc3
9.Qxc3 O-O 10.Nf4 d5 11.cxd5 Bxf1 12.Kxf1 exd5 13.Rc1 c6 14.h4 a5 15.g3 Qd6
16.Kg2 Rc8 17.b4 Nd7 18.Rc2 g6 19.Rhc1 axb4 20.axb4 b5 21.Ra1 Rxa1 22.Qxa1 Nb6
23.Qa6 Qc7 24.Rc5 Ra8 25.Qxb5 Qxf4 26.Qxb6 Qe4+ 27.Kh2 Qf3 28.Rc2 h5 29.Qxc6
Ra1 30.Rc1 Qxf2+ 31.Kh1 Ra2 32.Qc8+ Kh7 33.Qh3 Qf3+ {#R} 0-1

[Event "It"]
[Site "masterchessopen.com Oslo (Norway)"]
[Round "0"]
[White "Karlsson Lars (SWE)"]
[Black "Stigar Petter (NOR)"]
[Result "1-0"]
[WhiteElo "2520"]
[BlackElo "2298"]

1.d4 Nf6 2.c4 e6 3.Nc3 Bb4 4.e3 b6 5.Ne2 Ne4 6.f3 Nxc3 7.bxc3 Be7 8.e4 Nc6
9.Ng3 Ba6 10.Bd3 e5 11.Nf5 Bf6 12.f4 exd4 13.e5 Bh4+ 14.g3 Be7 15.Nxg7+ Kf8
16.Nf5 dxc3 17.Qg4 Rg8 18.Qh5 d6 19.Qh6+ Ke8 20.Qxh7 {#r} 1-0

[Event "Ch Great Britain"]
[Site "masterchessopen.com Southampton (England)"]
[Round "4"]
[White "Giulian Philip M (SCO)"]
[Black "Ward Christopher (ENG)"]
[Result "0-1"]
[WhiteElo "2294"]
[BlackElo "2448"]

1.d4 Nf6 2.c4 e6 3.Nc3 Bb4 4.e3 b6 5.Ne2 Ne4 6.Qc2 Bb7 7.a3 Bxc3+ 8.Nxc3 Nxc3
9.Qxc3 O-O 10.b4 d6 11.Bb2 Nd7 12.f3 Qh4+ 13.g3 Qh5 14.e4 f5 15.d5 Nf6 16.Bg2
fxe4 17.fxe4 exd5 18.cxd5 Ba6 19.Bf3 Qg5 20.Rd1 Ng4 21.Bc1 Rxf3 22.Qxf3 Ne5
23.Qe2 Bxe2 24.Bxg5 Bxd1 25.Kxd1 Re8 26.Ke2 Nf7 27.Bf4 Rxe4+ 28.Kd3 Re7 29.h4
Kf8 30.a4 Ke8 31.a5 Kd7 32.Kc4 Re4+ 33.Kb5 a6+ 34.Kxa6 Rxb4 35.Rf1 bxa5 36.Be3
Ne5 37.Kxa5 Re4 38.Bf4 Rd4 {#R} 0-1

[Event "Ch Norway"]
[Site "masterchessopen.com Steinkjer (Norway)"]
[Round "0"]
[White "Grotnes Nils (NOR)"]
[Black "Bjerke Richard (NOR)"]
[Result "1-0"]
[WhiteElo "2193"]
[BlackElo "2135"]

1.d4 Nf6 2.c4 e6 3.Nc3 Bb4 4.e3 b6 5.Ne2 Ne4 6.Bd2 Nxd2 7.Qxd2 O-O 8.a3 Bxc3
9.Nxc3 d6 10.Bd3 Bb7 11.O-O Nd7 12.Qc2 h6 13.Be4 Bxe4 14.Qxe4 a6 15.f4 Re8
16.Qd3 c6 17.e4 b5 18.e5 Nb6 19.cxb5 axb5 20.Ne4 Nc4 21.b3 d5 22.Nc5 Nxa3
23.Nb7 Qb6 24.Nd6 Rf8 25.f5 b4 26.f6 g6 27.Qd2 Kh7 28.Rad1 Nb5 29.Rf3 Nxd6
30.exd6 Rg8 31.Rh3 g5 32.Qd3+ Rg6 33.Rxh6+ {#r} 1-0

[Event "Zt"]
[Site "masterchessopen.com Jakarta (Indonesia)"]
[Round "0"]
[White "Johansen Darryl K (AUS)"]
[Black "Ardiansyah H (INA)"]
[Result "0-1"]
[WhiteElo "2410"]
[BlackElo "2425"]

1.d4 Nf6 2.c4 e6 3.Nc3 Bb4 4.e3 b6 5.Ne2 Ne4 6.Qc2 Bb7 7.a3 Bxc3+ 8.Nxc3 f5
9.Bd3 Nxc3 10.Qxc3 O-O 11.O-O d6 12.f3 Nd7 13.Qc2 c5 14.b4 Rc8 15.Bb2 Qg5
16.Qe2 Rce8 17.dxc5 bxc5 18.Rad1 e5 19.Bc2 Re6 20.Rd2 Rh6 21.f4 Qh4 22.g3 Rg6
23.Qe1 Qh3 24.fxe5 h5 25.e4 f4 26.Rg2 h4 27.Bd1 hxg3 28.hxg3 dxe5 29.Bf3 fxg3
30.Bc1 Nf6 31.Bd2 Nd7 32.Be3 Qh4 33.Bd2 Rff6 34.Be3 Nf8 35.Qc3 Rxf3 36.Rxf3
Qxe4 {#R} 0-1

[Event "Izt"]
[Site "masterchessopen.com Zagreb (Croatia)"]
[Round "0"]
[White "Baragar Fletcher (CAN)"]
[Black "Nogueiras Jesus (CUB)"]
[Result "0-1"]
[WhiteElo "2320"]
[BlackElo "2555"]

1.d4 Nf6 2.c4 e6 3.Nc3 Bb4 4.e3 b6 5.Ne2 Bb7 6.a3 Be7 7.Ng3 h5 8.h4 g6 9.e4
Nh7 10.e5 d6 11.Bf4 Nd7 12.Qa4 a6 13.Rd1 d5 14.cxd5 exd5 15.Be2 Nf8 16.Bf3 c6
17.Nf1 Bxh4 18.Ne3 Ne6 19.g3 Be7 20.Ng2 b5 21.Qc2 Qc7 22.Be3 Ndf8 23.Nf4 O-O-O
24.b4 Kb8 25.Bg2 h4 26.Rc1 Qd7 27.Nd3 g5 28.a4 Ng6 29.axb5 cxb5 30.Qb3 Rc8
31.Kd2 Rc4 32.Bh3 g4 33.Bxg4 Nxd4 34.Qxc4 bxc4 35.Bxd7 Nb3+ 36.Kc2 Nxc1
37.Rxc1 cxd3+ 38.Kb3 h3 39.Bxh3 Rxh3 {#R} 0-1

[Event "It (open)"]
[Site "masterchessopen.com Balatonbereny (Hungary)"]
[Round "5"]
[White "Horvath Jozsef M (HUN)"]
[Black "Horvath Tamas I (HUN)"]
[Result "1-0"]
[WhiteElo "2104"]
[BlackElo "2318"]

1.d4 Nf6 2.c4 e6 3.Nc3 Bb4 4.e3 b6 5.Ne2 Ne4 6.Qc2 Bb7 7.a3 Bxc3+ 8.Nxc3 Nxc3
9.Qxc3 O-O 10.b4 d6 11.Bb2 f5 12.d5 e5 13.c5 bxc5 14.bxc5 f4 15.c6 Ba6 16.exf4
Rxf4 17.Bc1 Rg4 18.Be3 Bxf1 19.Kxf1 Na6 20.g3 Nc5 21.f3 Ra4 22.Kg2 e4 23.Rhf1
Rb8 24.Bxc5 dxc5 25.Qxc5 Rb2+ 26.Kg1 h6 27.d6 cxd6 28.c7 Qc8 29.Qxd6 Qh3
30.Rf2 Rxf2 31.Kxf2 exf3 32.Qd8+ Kh7 33.Qd3+ g6 34.Qxf3 Qd7 35.Qb7 Qd2+ 36.Kf1
Qd3+ 37.Kg2 Qc2+ 38.Kh1 {#r} 1-0

[Event "?"]
[Site "masterchessopen.com Belgrade (Yugoslavia)"]
[Round "0"]
[White "Raicevic Vladimir (SRB)"]
[Black "Bator Robert (SWE)"]
[Result "0-1"]
[WhiteElo "2089"]
[BlackElo "2370"]

1.d4 Nf6 2.c4 e6 3.Nc3 Bb4 4.e3 b6 5.Ne2 Ne4 6.Qc2 Bb7 7.a3 Bxc3+ 8.Nxc3 Nxc3
9.Qxc3 Qh4 10.b3 O-O 11.Bb2 Be4 12.Be2 Bxg2 13.Rg1 Qxh2 14.d5 Qxg1+ 15.Kd2 Bf1
16.Rxf1 Qg5 17.f4 Qg6 18.e4 f6 19.Qe3 Na6 20.Rg1 Qf7 21.b4 c5 22.b5 Nc7 23.Qh3
Ne8 24.Bh5 Qe7 25.dxe6 dxe6 26.Bg4 f5 27.exf5 exf5 28.Bxf5 Rxf5 29.Qxf5 Rd8+
30.Kc2 Qe2+ 31.Kb1 Qd3+ 32.Qxd3 Rxd3 33.a4 Kf7 34.Kc2 Re3 35.Be5 Nf6 36.a5 g6
{#R} 0-1

[Event "Ch Finland (team)"]
[Site "masterchessopen.com Finland"]
[Round "0"]
[White "Hurme Harri M (FIN)"]
[Black "Koskinen Henri (FIN)"]
[Result "1-0"]
[WhiteElo "2258"]
[BlackElo "2265"]

1.d4 Nf6 2.c4 e6 3.Nc3 Bb4 4.e3 b6 5.Ne2 Ne4 6.Qc2 Bb7 7.a3 Bxc3+ 8.Nxc3 Nxc3
9.Qxc3 O-O 10.b4 d6 11.Bb2 Nd7 12.O-O-O f5 13.h3 Qe7 14.d5 Nf6 15.Bd3 exd5
16.Bxf5 dxc4 17.Qxc4+ Kh8 18.Qh4 h6 19.Rhg1 Ng8 20.Qg4 Bc8 21.e4 Nf6 22.Qg6
Bxf5 23.exf5 Qe8 24.g4 Qxg6 25.fxg6 Ne4 26.Rge1 Rae8 27.Bd4 Kg8 28.b5 Rf3
29.h4 Rxa3 30.f4 Rf3 31.f5 Rg3 32.Rg1 Rh3 33.g5 hxg5 34.hxg5 Rf8 35.f6 gxf6
36.gxf6 Nxf6 37.g7 Rf7 38.Bxf6 Rxf6 39.Rde1 {#r} 1-0

[Event "Bundesliga 1987/88"]
[Site "masterchessopen.com Germany"]
[Round "0"]
[White "Vogel Robert (GER)"]
[Black "Nonnenmacher Eberhard Dr (GER)"]
[Result "0-1"]
[WhiteElo "2256"]
[BlackElo "2285"]

1.d4 Nf6 2.c4 e6 3.Nc3 Bb4 4.e3 b6 5.Ne2 Bb7 6.a3 Bf8 7.d5 Qe7 8.Ng3 c6 9.dxe6
dxe6 10.Be2 Nbd7 11.O-O O-O-O 12.b4 h5 13.Qc2 h4 14.Nge4 h3 15.g3 Nxe4 16.Nxe4
f5 17.Nd2 c5 18.Bb2 Rg8 19.Nb3 g5 20.bxc5 Nxc5 21.Nxc5 Qxc5 22.Qa4 Bg7 23.Bxg7
Rxg7 24.Rfd1 Rgd7 25.Rxd7 Rxd7 26.Rd1 Bc6 27.Qb3 Rxd1+ 28.Bxd1 Qe5 29.f3 f4
30.Kf2 fxg3+ 31.hxg3 h2 32.Kg2 Qh8 33.Kh1 Qh3 34.c5 Qxg3 35.Qxe6+ Kb7 36.Qe7+
Ka6 37.Be2+ b5 38.Bxb5+ Kxb5 {#R} 0-1

[Event "Bundesliga 1987/88 (2nd)"]
[Site "masterchessopen.com Germany"]
[Round "0"]
[White "Weiss-Nowack Christian (GER)"]
[Black "Stark HW"]
[Result "1-0"]
[WhiteElo "2245"]
[BlackElo "1970"]

1.d4 Nf6 2.c4 e6 3.Nc3 Bb4 4.e3 b6 5.Ne2 Bb7 6.a3 Bxc3+ 7.Nxc3 Ne4 8.Nxe4 Bxe4
9.Qg4 Bg6 10.Be2 Nc6 11.Bd2 a5 12.d5 h5 13.Qf4 e5 14.Qf3 Ne7 15.e4 Ng8 16.Qg3
Qe7 17.Bd3 d6 18.O-O-O h4 19.Qe3 Nf6 20.g3 Ng4 21.Qe2 Qd7 22.c5 Kf8 23.Bb5 Qc8
24.Bc6 Rb8 25.cxd6 cxd6 26.f3 Nh6 27.g4 f6 28.g5 Nf7 29.gxf6 gxf6 30.Rhg1 Bh5
31.Qf2 Qh3 32.Rdf1 Nh6 33.Be3 Kf7 34.Bxb6 Ng8 35.Bxa5 Rb3 36.Qa7+ Ne7 37.Rg7+
{#r} 1-0

[Event "Bundesliga 1988/89"]
[Site "masterchessopen.com Germany"]
[Round "0"]
[White "Breutigam Martin (GER)"]
[Black "Peist Juergen (GER)"]
[Result "1-0"]
[WhiteElo "2377"]
[BlackElo "2265"]

1.d4 Nf6 2.c4 e6 3.Nc3 Bb4 4.e3 b6 5.Ne2 Bb7 6.a3 Be7 7.d5 O-O 8.Ng3 d6 9.Bd3
c6 10.e4 Nbd7 11.O-O Ne5 12.Be2 cxd5 13.cxd5 exd5 14.exd5 Qc8 15.Re1 Rd8 16.h3
h6 17.Be3 Ba6 18.Bxa6 Qxa6 19.Bd4 Bf8 20.Bxe5 dxe5 21.Rxe5 Qb7 22.Nge4 Nxe4
23.Rxe4 g6 24.Qe2 Rac8 25.Rd1 a6 26.Qf3 b5 27.Red4 Bg7 28.R4d3 Bxc3 29.bxc3
Rd7 30.Qf4 h5 31.d6 Rc4 32.Qf6 Qe4 33.Re3 {#r} 1-0

[Event "Ch Great Britain"]
[Site "masterchessopen.com Great Britain"]
[Round "0"]
[White "Conquest Stuart (ENG)"]
[Black "Crawley Gavin (ENG)"]
[Result "1-0"]
[WhiteElo "2490"]
[BlackElo "2380"]

1.d4 Nf6 2.c4 e6 3.Nc3 Bb4 4.e3 b6 5.Ne2 Ne4 6.Qc2 Bb7 7.a3 Bxc3+ 8.Nxc3 Nxc3
9.Qxc3 O-O 10.b4 d6 11.Bb2 Nd7 12.c5 bxc5 13.dxc5 Nf6 14.Rd1 e5 15.c6 Bc8
16.Bd3 Ng4 17.h3 Qh4 18.O-O Nf6 19.Qc2 Be6 20.f4 Nd5 21.Bc1 exf4 22.exf4 Rae8
23.Be4 Nb6 24.Bf3 Bc4 25.Rf2 Re7 26.a4 Rfe8 27.a5 Re1+ 28.Rxe1 Rxe1+ 29.Kh2
Bd3 30.Qd2 Rxc1 31.axb6 axb6 32.g3 {#r} 1-0